Ratones, zorras, ranas y leones

Saved in:
Bibliografiske detaljer
Hovedforfatter: Esopo (Author)
Format: Bog
Sprog:spansk
Udgivet: Santiago Lom 2008
Udgivelse:1a. ed
Fag:
Tags: Tilføj Tag
Ingen Tags, Vær først til at tagge denne postø!

MARC

LEADER 00000nam a2200000 a 4500
001 UCI8656
003 CL-VaPUC
008 080922e20080000CL |||||||||||||||||spa|d
082 0 4 |a 398.254  |b ESO  |2 21 
100 0 |a Esopo  |e author  |9 349715 
245 1 0 |a Ratones, zorras, ranas y leones 
250 |a 1a. ed 
300 |a 64 p 
942 |c BK 
945 |d 20080922 00:00:00  |a rbrito 
260 |a Santiago  |b Lom  |c 2008 
650 7 |a FABULAS GRIEGAS  |2 CL-VaPUC  |9 267876 
650 0 |a Literatura infantil   |9 307465 
583 |a last modification  |c 20080922 00:00:00  |k Rodrigo Vera 
999 |c 331472  |d 331470 
952 |0 0  |1 0  |4 0  |6 398_254000000000000_ESO_2008  |7 0  |8 A  |9 418156  |a BIBEDU  |b BIBEDU  |d 2019-11-22  |i 4481992  |o 398.254 ESO 2008  |p 4481992  |r 2019-11-22  |w 2019-11-22  |y BK  |k EDU